Paesi che finiscono in U - Statistics

Statistiche generali
  • Questo quiz è stato fatto 360 volte
  • Il punteggio medio è 4 su 6
Statistiche sulle risposte
Paese che finisce in E % Corretto
Tuvalu
80%
Vanuatu
79%
Palau
74%
Nauru
73%
Peru
52%
Guinea-Bissau
23%
Nessun quiz corrispondente trovato
Distribuzione punteggi
Percentuale di utenti per punteggio
Percentile per numero di risposta
I tuoi punteggi nel tempo
Non hai fatto questo quiz